[Event "ChFRA - National"]
[Site "Aix-les-Bains"]
[Date "2007.08.19"]
[Round "7"]
[White "Guidarelli, Laurent"]
[Black "Nataf, Igor Alexandre"]
[Result "1/2-1/2"]
[WhiteElo "2450"]
[BlackElo "2588"]
[PlyCount "56"]
[EventDate "2007.08.??"]
[EventType "tourn"]
[EventRounds "11"]
[EventCountry "FRA"]

1. d4 Nf6 2. c4 g6 3. Nc3 Bg7 4. e4 d6 5. Nf3 O-O 6. Be2 e5 7. O-O Nc6 8. d5
Ne7 9. Nd2 a5 10. a3 Nd7 11. Rb1 f5 12. b4 Kh8 13. Qc2 Nf6 14. f3 c6 15. dxc6
bxc6 16. c5 d5 17. exd5 cxd5 18. b5 d4 19. Na4 Be6 20. Bc4 Nfd5 21. Nb3 e4 22.
c6 Qd6 23. Bxd5 Bxd5 24. Qc5 Qxc5 25. Nbxc5 d3 26. c7 Bd4+ 27. Kh1 e3 28. Nxd3
Bc4 1/2-1/2

[Event "ChFRA - National"]
[Site "Aix-les-Bains"]
[Date "2007.08.21"]
[Round "8"]
[White "Fontaine, Robert"]
[Black "Guidarelli, Laurent"]
[Result "1-0"]
[WhiteElo "2567"]
[BlackElo "2450"]
[PlyCount "97"]
[EventDate "2007.08.??"]
[EventType "tourn"]
[EventRounds "11"]
[EventCountry "FRA"]

1. e4 c5 2. Nf3 d6 3. d4 cxd4 4. Nxd4 Nf6 5. Nc3 a6 6. Bd3 Nc6 7. Nxc6 bxc6 8.
O-O g6 9. h3 Bg7 10. Be3 O-O 11. Qd2 Nd7 12. Bh6 Bxh6 13. Qxh6 Qa5 14. Rab1 Rb8
15. a3 e5 16. b4 Qc7 17. Rbd1 a5 18. Qd2 axb4 19. axb4 Nb6 20. f4 exf4 21. Rxf4
Be6 22. Rh4 f6 23. Rf4 Rbd8 24. Qf2 Nd7 25. Ne2 c5 26. Bb5 Kg7 27. Rf1 cxb4 28.
Nd4 Nc5 29. Nc6 Rd7 30. Rxf6 Nxe4 31. Rxg6+ Kxg6 32. Qxf8 Qb6+ 33. Kh2 Qxb5 34.
Qe8+ Kg5 35. h4+ Kxh4 36. Rf4+ Kg5 37. Nd4 Kxf4 38. Nxb5 Nc5 39. Nd4 Bd5 40.
Qe1 Rg7 41. g3+ Kg4 42. Qe2+ Kg5 43. Qe3+ Kh5 44. Nf5 Rg5 45. Qf4 Be4 46. g4+
Kg6 47. Ne7+ Kh6 48. Qf6+ Rg6 49. Ng8# 1-0

[Event "ChFRA - National"]
[Site "Aix-les-Bains"]
[Date "2007.08.21"]
[Round "8"]
[White "Dorfman, Josif D"]
[Black "Fressinet, Laurent"]
[Result "1/2-1/2"]
[WhiteElo "2584"]
[BlackElo "2646"]
[PlyCount "35"]
[EventDate "2007.08.??"]
[EventType "tourn"]
[EventRounds "11"]
[EventCountry "FRA"]

1. e4 c5 2. Nf3 d6 3. d4 cxd4 4. Nxd4 Nf6 5. Nc3 a6 6. Bg5 e6 7. f4 Nbd7 8. Qe2
Qc7 9. O-O-O b5 10. f5 e5 11. Nd5 Nxd5 12. exd5 Nb6 13. Qh5 Be7 14. Bxe7 Qxe7
15. Nc6 Qf6 16. g4 h6 17. Kb1 Bd7 18. Bg2 1/2-1/2

[Event "ChFRA - National"]
[Site "Aix-les-Bains"]
[Date "2007.08.21"]
[Round "8"]
[White "Nataf, Igor Alexandre"]
[Black "Vaisser, Anatoli"]
[Result "0-1"]
[WhiteElo "2588"]
[BlackElo "2544"]
[PlyCount "96"]
[EventDate "2007.08.??"]
[EventType "tourn"]
[EventRounds "11"]
[EventCountry "FRA"]

1. e4 e6 2. d4 d5 3. Nc3 dxe4 4. Nxe4 Nd7 5. Nf3 Ngf6 6. Nxf6+ Nxf6 7. c3 c5 8.
Ne5 a6 9. Be3 Qc7 10. Qa4+ Nd7 11. O-O-O cxd4 12. Nxd7 Bxd7 13. Qxd4 e5 14. Qe4
Bc6 15. Qg4 Qc8 16. Qg5 Qe6 17. Be2 f6 18. Qh5+ g6 19. Qh4 b5 20. f4 Be7 21. f5
Qxf5 22. Bg4 Qe4 23. Rhe1 Qc4 24. Bh6 Qxa2 25. Bg7 Qa1+ 26. Kc2 Qa4+ 27. Kc1
Rg8 28. Rd4 b4 29. Bxf6 Qa1+ 30. Kc2 Ba4+ 31. Kd3 Qxb2 32. Rxe5 Qxc3+ 33. Ke2
Bb5+ 34. Rxb5 Qxd4 35. Bxd4 Bxh4 36. Rxb4 Be7 37. Rb7 Kf7 38. Bc5 Rge8 39. Kf2
a5 40. Bf3 Rac8 41. Bd5+ Kf8 42. Be3 Red8 43. Bh6+ Ke8 44. Bb3 Rd4 45. Be6 Rc2+
46. Ke3 Rb4 47. Bd7+ Kf7 48. Bb5 Rc5 0-1

[Event "ChFRA - National"]
[Site "Aix-les-Bains"]
[Date "2007.08.21"]
[Round "8"]
[White "Renet, Olivier"]
[Black "Degraeve, Jean Marc"]
[Result "1/2-1/2"]
[WhiteElo "2498"]
[BlackElo "2520"]
[PlyCount "111"]
[EventDate "2007.08.??"]
[EventType "tourn"]
[EventRounds "11"]
[EventCountry "FRA"]

1. d4 Nf6 2. c4 g6 3. Nc3 Bg7 4. e4 d6 5. Be2 O-O 6. Nf3 e5 7. O-O Na6 8. Be3
Qe7 9. Bg5 Qe8 10. Re1 c6 11. dxe5 dxe5 12. Qd6 Qe6 13. Qxe5 Qxe5 14. Nxe5 Nxe4
15. Nxe4 Bxe5 16. Bf6 Bxf6 17. Nxf6+ Kg7 18. Ne4 Rb8 19. a3 Bf5 20. Nd6 Nc5 21.
b4 Nb3 22. Nxf5+ gxf5 23. Rad1 Rbd8 24. Rxd8 Rxd8 25. Rd1 Rxd1+ 26. Bxd1 Nd2
27. c5 Kf6 28. Bc2 Nc4 29. a4 a5 30. bxa5 Nxa5 31. f4 h6 32. Kf2 Ke6 33. Ke3
Kd5 34. Bxf5 Nc4+ 35. Ke2 Kxc5 36. g4 f6 37. h4 Kd4 38. h5 b5 39. g5 fxg5 40.
fxg5 Ke5 41. g6 Kf6 42. Bd3 Na5 43. Bxb5 cxb5 44. axb5 Nc4 45. Kd3 Nb6 46. Kd4
Kg7 47. Kc5 Na4+ 48. Kc6 Kf6 49. b6 Nxb6 50. Kxb6 Kg7 51. Kc7 Kg8 52. Kd7 Kg7
53. Ke7 Kg8 54. Kf6 Kf8 55. g7+ Kg8 56. Kg6 1/2-1/2

[Event "ChFRA - National"]
[Site "Aix-les-Bains"]
[Date "2007.08.23"]
[Round "10"]
[White "Renet, Olivier"]
[Black "Guidarelli, Laurent"]
[Result "1/2-1/2"]
[WhiteElo "2498"]
[BlackElo "2450"]
[PlyCount "145"]
[EventDate "2007.08.??"]
[EventType "tourn"]
[EventRounds "11"]
[EventCountry "FRA"]

1. d4 Nf6 2. Nf3 c5 3. d5 d6 4. Nc3 g6 5. e4 Bg7 6. Bb5+ Nfd7 7. a4 O-O 8. O-O
Na6 9. Re1 Nc7 10. Bf1 Rb8 11. Bf4 b6 12. Qd2 a6 13. Rab1 Bb7 14. b4 Ba8 15.
Bh6 Re8 16. Bxg7 Kxg7 17. h3 Nf6 18. bxc5 bxc5 19. a5 Qd7 20. Rb6 Rb7 21. Rxb7
Bxb7 22. Rb1 Rb8 23. Bc4 Qd8 24. Qd3 Ba8 25. Re1 Nb5 26. Nxb5 axb5 27. Bxb5
Qxa5 28. c4 Qc7 29. Qc3 Kg8 30. Nd2 Bb7 31. Nb3 Nd7 32. Ra1 Ra8 33. Rxa8+ Bxa8
34. Qa1 Bb7 35. Qa7 Qb6 36. Qa4 Nf6 37. f3 Kg7 38. Kf2 e6 39. Qa5 Qxa5 40. Nxa5
Bc8 41. dxe6 fxe6 42. e5 dxe5 43. Nb3 e4 44. f4 e3+ 45. Kxe3 Bb7 46. g4 Ne4 47.
Na5 Ba8 48. Bc6 Bxc6 49. Nxc6 Nd6 50. Ne5 Kf6 51. Kf3 h6 52. Kg3 Ne4+ 53. Kg2
g5 54. Kf3 Nd2+ 55. Ke3 Nf1+ 56. Ke4 Nd2+ 57. Ke3 Nf1+ 58. Ke4 Nd2+ 59. Kd3
gxf4 60. Nd7+ Ke7 61. Nxc5 Nf3 62. Ke4 Ng5+ 63. Kxf4 Nxh3+ 64. Ke3 Kd6 65. Ne4+
Ke5 66. Nc5 Ng5 67. Nd3+ Kd6 68. Kf4 Nh3+ 69. Kg3 Ng5 70. Kf4 Nh3+ 71. Ke3 Ng5
72. Kd4 Nf3+ 73. Ke4 1/2-1/2

[Event "ChFRA - National"]
[Site "Aix-les-Bains"]
[Date "2007.08.23"]
[Round "10"]
[White "Degraeve, Jean Marc"]
[Black "Fressinet, Laurent"]
[Result "1/2-1/2"]
[WhiteElo "2520"]
[BlackElo "2646"]
[PlyCount "56"]
[EventDate "2007.08.??"]
[EventType "tourn"]
[EventRounds "11"]
[EventCountry "FRA"]

1. e4 e5 2. Nf3 Nc6 3. Bc4 Nf6 4. d3 Be7 5. O-O O-O 6. Re1 d6 7. a4 Na5 8. Ba2
c5 9. c3 Nc6 10. Nbd2 Be6 11. Bc4 h6 12. Nf1 Re8 13. Bxe6 fxe6 14. d4 exd4 15.
cxd4 Bf8 16. dxc5 dxc5 17. Bd2 Qd3 18. Ra3 Qd7 19. e5 Nd5 20. Nh4 Nde7 21. Rg3
Nf5 22. Nxf5 exf5 23. Bxh6 Qxd1 24. Rxd1 Nd4 25. Re1 Nc2 26. Re2 Nd4 27. Re1
Nc2 28. Re2 Nd4 1/2-1/2

[Event "ChFRA - National"]
[Site "Aix-les-Bains"]
[Date "2007.08.23"]
[Round "10"]
[White "Dorfman, Josif D"]
[Black "Vaisser, Anatoli"]
[Result "1-0"]
[WhiteElo "2584"]
[BlackElo "2544"]
[PlyCount "67"]
[EventDate "2007.08.??"]
[EventType "tourn"]
[EventRounds "11"]
[EventCountry "FRA"]

1. Nf3 d5 2. d4 Nf6 3. c4 c6 4. Nc3 dxc4 5. a4 e6 6. e3 c5 7. Bxc4 Nc6 8. O-O
Be7 9. Qe2 cxd4 10. Rd1 O-O 11. Nxd4 Nxd4 12. exd4 Nd5 13. Qe4 Nf6 14. Qf3 Qc7
15. b3 Bd7 16. Bf4 Bd6 17. Bxd6 Qxd6 18. Qxb7 Bc6 19. Qa6 Ng4 20. g3 e5 21. d5
Qh6 22. h4 Bd7 23. Qxh6 Nxh6 24. Re1 f6 25. Ne4 Rfc8 26. Nd6 Rc7 27. Rac1 Kf8
28. Bb5 Rxc1 29. Rxc1 Bxb5 30. Nxb5 Nf5 31. d6 a6 32. Nc7 Rb8 33. Nxa6 Rxb3 34.
Rc8+ 1-0

[Event "ChFRA - National"]
[Site "Aix-les-Bains"]
[Date "2007.08.24"]
[Round "11"]
[White "Bauer, Christian"]
[Black "Fontaine, Robert"]
[Result "1/2-1/2"]
[WhiteElo "2626"]
[BlackElo "2567"]
[PlyCount "91"]
[EventDate "2007.08.??"]
[EventType "tourn"]
[EventRounds "11"]
[EventCountry "FRA"]

1. c4 e5 2. Nc3 Nf6 3. Nf3 Nc6 4. a3 g6 5. e3 Bg7 6. Be2 O-O 7. d3 Re8 8. Qc2
d6 9. h3 Bf5 10. g4 e4 11. gxf5 exf3 12. Bxf3 Nd4 13. Qd1 Nxf5 14. Bxb7 Rb8 15.
Bc6 Nd7 16. O-O h5 17. d4 Rb6 18. Bg2 c5 19. dxc5 Nxc5 20. Nd5 Rb8 21. Rb1 Nh4
22. f4 Nxg2 23. Kxg2 Rb3 24. Bd2 Rxb2 25. Rxb2 Bxb2 26. Qc2 Bg7 27. Bc3 Bxc3
28. Qxc3 Ne4 29. Qe1 Nf6 30. Qd2 Nxd5 31. cxd5 Qb6 32. f5 Qxe3 33. Qxe3 Rxe3
34. fxg6 fxg6 35. Rf6 Kg7 36. Rxd6 Rxa3 37. h4 Ra4 38. Kh3 Rd4 39. Ra6 Rd3+ 40.
Kg2 Rxd5 41. Rxa7+ Kf6 42. Ra3 Rd4 43. Kg3 Re4 44. Ra6+ Kf5 45. Ra5+ Re5 46.
Ra3 1/2-1/2

[Event "ChFRA - National"]
[Site "Aix-les-Bains"]
[Date "2007.08.24"]
[Round "11"]
[White "Sokolov, Andrei"]
[Black "Nataf, Igor Alexandre"]
[Result "1/2-1/2"]
[WhiteElo "2582"]
[BlackElo "2588"]
[PlyCount "58"]
[EventDate "2007.08.??"]
[EventType "tourn"]
[EventRounds "11"]
[EventCountry "FRA"]

1. e4 c5 2. Nf3 Nc6 3. d4 cxd4 4. Nxd4 Nf6 5. Nc3 e5 6. Ndb5 d6 7. Bg5 a6 8.
Na3 b5 9. Nd5 Be7 10. Bxf6 Bxf6 11. c3 Bg5 12. Nc2 O-O 13. a4 bxa4 14. Rxa4 a5
15. Bc4 Rb8 16. b3 Kh8 17. Nce3 Bxe3 18. Nxe3 Ne7 19. O-O f5 20. exf5 Bxf5 21.
Qd2 Be4 22. Nd5 Bxd5 23. Bxd5 Nxd5 24. Qxd5 Qc7 25. Qxa5 Qxa5 26. Rxa5 Rxb3 27.
Rd5 Rf6 28. Rfd1 Rxc3 29. Rxe5 h6 1/2-1/2